[Event "Calvia ol (Men)"]
[Site "Mallorca (Spain)"]
[Date "2004.10.28"]
[Round "13.19"]
[White "Kengis, Edvins"]
[Black "Sammalvuo, Tapani"]
[Result "1-0"]
[WhiteElo "2543"]
[BlackElo "2438"]
[PlyCount "77"]
[EventDate "2004.10.15"]

1. Nf3 Nf6 2. c4 e6 3. g3 d5 4. Bg2 Be7 5. d4 O-O 6. O-O dxc4 7. Qc2 a6 8. Qxc4
b5 9. Qc2 Bb7 10. Bd2 Be4 11. Qc1 Bb7 12. Bf4 Nd5 13. Nc3 Nxf4 14. Qxf4 Qd6 15.
Rfd1 c5 16. Qxd6 Bxd6 17. dxc5 Bxc5 18. Rac1 Be7 19. Ne5 Ra7 20. Bxb7 Rxb7 21.
Ne4 f6 22. Nc6 e5 23. Na5 Ra7 24. a3 Kf7 25. Nd6+ Bxd6 26. Rxd6 Re8 27. e4 Kf8
28. Kg2 Rd7 29. Rxd7 Nxd7 30. Rc7 Nb6 31. b3 Re6 32. Ra7 Rd6 33. Rxa6 Ke7 34.
Nb7 Rc6 35. b4 Kd7 36. Nc5+ Kd6 37. Ra5 Nc4 38. Rxb5 Nxa3 39. Rb7 1-0

[Event "Calvia ol (Men)"]
[Site "Mallorca (Spain)"]
[Date "2004.10.28"]
[Round "13.19"]
[White "Maki-Uuro, Miikka"]
[Black "Sveshnikov, Evgeny"]
[Result "1/2-1/2"]
[WhiteElo "2390"]
[BlackElo "2512"]
[PlyCount "135"]
[EventDate "2004.10.15"]

1. Nf3 d5 2. d4 Nf6 3. c4 e6 4. Nc3 c6 5. e3 Nbd7 6. Qc2 Bd6 7. g4 Nxg4 8. Rg1
Qf6 9. Rxg4 Qxf3 10. Rxg7 Nf8 11. Rg1 Bxh2 12. Be2 Qf6 13. Rg2 Bd6 14. e4 Bf4
15. e5 Qh6 16. Bxf4 Qxf4 17. Qd2 Ng6 18. Qxf4 Nxf4 19. Rg4 Ng6 20. Kd2 Bd7 21.
c5 Ke7 22. Rh1 Rag8 23. Rh6 Be8 24. Bd3 f6 25. exf6+ Kxf6 26. Ne2 Ke7 27. Nf4
Nxf4 28. Rxf4 Rg7 29. Rfh4 Rf8 30. Ke3 Bg6 31. Bxg6 hxg6 32. Rh7 Rxh7 33. Rxh7+
Rf7 34. Rh8 g5 35. f3 Kf6 36. Re8 Re7 37. Rf8+ Kg7 38. Ra8 a6 39. f4 gxf4+ 40.
Kxf4 Kf6 41. Rf8+ Rf7 42. Re8 a5 43. b3 Rh7 44. Rf8+ Ke7 45. Rb8 Rh3 46. Rxb7+
Kf6 47. Rc7 Rd3 48. Rxc6 Rxd4+ 49. Ke3 Rh4 50. Ra6 Ke5 51. c6 d4+ 52. Kd2 Rh2+
53. Kd3 Rh3+ 54. Kd2 Rc3 55. Rxa5+ Ke4 56. Ra6 e5 57. b4 Kd5 58. Ra5+ Kd6 59.
b5 e4 60. Ra4 e3+ 61. Ke2 Kd5 62. Ra7 Rc2+ 63. Kf3 Rf2+ 64. Kg3 Rf8 65. Re7 Kc4
66. b6 d3 67. c7 d2 68. b7 1/2-1/2

[Event "Calvia ol (Men)"]
[Site "Mallorca (Spain)"]
[Date "2004.10.28"]
[Round "13.19"]
[White "Meijers, Viesturs"]
[Black "Molander, Riku"]
[Result "0-1"]
[WhiteElo "2465"]
[BlackElo "2328"]
[PlyCount "102"]
[EventDate "2004.10.15"]

1. e4 c5 2. Nf3 d6 3. d4 cxd4 4. Nxd4 Nf6 5. Nc3 Nc6 6. Bg5 e6 7. Qd2 Be7 8.
Be2 Nxe4 9. Nxe4 Bxg5 10. Nxg5 Nxd4 11. Qxd4 Qxg5 12. Qxd6 Bd7 13. Bf3 O-O-O
14. O-O Bc6 15. Qa3 Bxf3 16. Qxf3 Rd7 17. a4 Qf6 18. Qxf6 gxf6 19. Rfd1 Rhd8
20. Rxd7 Rxd7 21. Kf1 Rd2 22. Rc1 f5 23. Ke1 Rd4 24. b3 Rg4 25. Kf1 Kd7 26.
Rd1+ Ke7 27. Rd3 f6 28. g3 h5 29. h3 Rb4 30. c4 a5 31. Ke2 Rb6 32. Rc3 Rc6 33.
Kd3 Rd6+ 34. Kc2 Kd7 35. Rf3 Rd4 36. Kc3 Rd1 37. b4 Rc1+ 38. Kd4 axb4 39. Rb3
Kc6 40. Rxb4 b6 41. a5 bxa5 42. Rb8 e5+ 43. Kd3 e4+ 44. Kd4 Rd1+ 45. Kc3 Rd3+
46. Kc2 Rf3 47. Rb5 Rxf2+ 48. Kc3 Rf3+ 49. Kd2 a4 50. h4 a3 51. Kc1 e3 0-1

[Event "Calvia ol (Men)"]
[Site "Mallorca (Spain)"]
[Date "2004.10.28"]
[Round "13.47"]
[White "Mieles Palau, Daniel"]
[Black "Pukkila, Markku"]
[Result "1-0"]
[WhiteElo "2486"]
[BlackElo "2181"]
[PlyCount "75"]
[EventDate "2004.10.15"]

1. e4 c5 2. Nc3 Nc6 3. Nf3 e6 4. d4 cxd4 5. Nxd4 d6 6. Be3 Nf6 7. f3 a6 8. Qd2
Bd7 9. O-O-O b5 10. Nxc6 Bxc6 11. g4 b4 12. Ne2 d5 13. Nd4 Bb7 14. e5 Nd7 15.
f4 Nc5 16. Bg2 Ne4 17. Qe2 Qc7 18. Rhf1 Qc4 19. Qxc4 dxc4 20. f5 exf5 21. Nxf5
Nc5 22. Bxc5 Bxg2 23. Bxf8 Kxf8 24. Rf2 Bc6 25. e6 f6 26. Rfd2 g6 27. Rd8+ Rxd8
28. e7+ Kf7 29. exd8=Q Rxd8 30. Rxd8 gxf5 31. gxf5 b3 32. cxb3 cxb3 33. axb3
Ke7 34. Rh8 Kd6 35. Rxh7 Ke5 36. Rc7 Be4 37. Kd2 Bxf5 38. Rc6 1-0

[Event "Calvia ol (Women)"]
[Site "Mallorca (Spain)"]
[Date "2004.10.28"]
[Round "13.22"]
[White "Lematschko, Tatjana"]
[Black "Sammalvuo, Niina"]
[Result "0-1"]
[WhiteElo "2267"]
[BlackElo "2282"]
[PlyCount "108"]
[EventDate "2004.10.15"]

1. d4 Nf6 2. c4 e6 3. Nc3 Bb4 4. Qc2 c5 5. dxc5 O-O 6. Bf4 Bxc5 7. e3 a6 8. Nf3
Be7 9. h3 d6 10. Be2 Nbd7 11. O-O Qc7 12. e4 b6 13. Rfd1 Bb7 14. Rac1 Rac8 15.
a3 h6 16. Nd2 Qb8 17. b4 Rfd8 18. Qd3 Nf8 19. Qg3 Ng6 20. Be3 Bc6 21. f4 Kh8
22. Qf2 b5 23. Bb6 Rg8 24. cxb5 axb5 25. Ba5 Bd8 26. g3 Bxa5 27. bxa5 Qa8 28.
Nb3 Nxe4 29. Nxe4 Bxe4 30. Qb6 Bd5 31. Nd4 Bc4 32. Bf3 d5 33. a6 Rb8 34. Qc7
Rgf8 35. f5 Rbc8 36. Qb7 Ne5 37. Bg2 Nd3 38. Rxd3 Bxd3 39. Rxc8 Qxc8 40. fxe6
fxe6 41. Qxc8 Rxc8 42. Nxe6 Bc4 43. h4 Rc6 44. a7 Ra6 45. Bh3 Rxa7 46. Nf4 d4
47. Bf5 Rxa3 48. Kf2 Kg8 49. g4 b4 50. Ng6 b3 51. Ne7+ Kf8 52. Nc6 b2 53. Ne5
Ba2 54. Ke2 Re3+ 0-1

[Event "Calvia ol (Women)"]
[Site "Mallorca (Spain)"]
[Date "2004.10.28"]
[Round "13.22"]
[White "Rantanen, Tanja"]
[Black "Hund, Barbara"]
[Result "1/2-1/2"]
[WhiteElo "2128"]
[BlackElo "2240"]
[PlyCount "61"]
[EventDate "2004.10.15"]

1. e4 e5 2. Nf3 Nc6 3. Nc3 Nf6 4. d4 exd4 5. Nxd4 Bb4 6. Nxc6 bxc6 7. Bd3 d5 8.
exd5 Qe7+ 9. Qe2 Qxe2+ 10. Kxe2 cxd5 11. Nb5 Kd8 12. Bf4 Re8+ 13. Kf1 Ba5 14.
Nd4 Bd7 15. Nf5 Nh5 16. Bg5+ f6 17. Nxg7 Nxg7 18. Bxf6+ Re7 19. Bxh7 Ke8 20.
Bg6+ Kf8 21. Bxe7+ Kxe7 22. Rd1 Be6 23. h4 Bb6 24. h5 Rf8 25. h6 Rxf2+ 26. Ke1
Bg4 27. hxg7 Re2+ 28. Kf1 Rf2+ 29. Ke1 Re2+ 30. Kf1 Rf2+ 31. Ke1 1/2-1/2

[Event "Calvia ol (Women)"]
[Site "Mallorca (Spain)"]
[Date "2004.10.28"]
[Round "13.22"]
[White "Seps, Monika"]
[Black "Puuska, Heini"]
[Result "1-0"]
[WhiteElo "2077"]
[BlackElo "2023"]
[PlyCount "69"]
[EventDate "2004.10.15"]

1. e4 c5 2. Nf3 d6 3. d4 cxd4 4. Qxd4 Nc6 5. Bb5 Bd7 6. Bxc6 Bxc6 7. Nc3 Nf6 8.
Bg5 h6 9. Bxf6 gxf6 10. Nd5 Bxd5 11. exd5 Rg8 12. O-O Qd7 13. Qd3 Rc8 14. Nd4
Rg5 15. c4 Qg4 16. g3 f5 17. f4 Rh5 18. Rae1 Bg7 19. Nb5 Kf8 20. Nxa7 Ra8 21.
Qe3 Bf6 22. a3 Bxb2 23. Qxe7+ Kg7 24. Nb5 Bxa3 25. Re2 Bc5+ 26. Kh1 Ra4 27. Nc7
Kh8 28. Qf6+ Qg7 29. Ne8 Qxf6 30. Nxf6 Kg7 31. Nxh5+ Kg6 32. g4 fxg4 33. Ng3
Rxc4 34. f5+ Kg7 35. Re4 1-0

[Event "Calvia ol (Men)"]
[Site "Mallorca (Spain)"]
[Date "2004.10.29"]
[Round "14.2"]
[White "Karttunen, Mika"]
[Black "Vallejo Pons, Francisco"]
[Result "0-1"]
[WhiteElo "2413"]
[BlackElo "2678"]
[PlyCount "58"]
[EventDate "2004.10.15"]

1. d4 d5 2. c4 e6 3. Nf3 Nf6 4. Nc3 c6 5. cxd5 exd5 6. Qc2 Be7 7. Bg5 g6 8. e3
Bf5 9. Bd3 Bxd3 10. Qxd3 Nbd7 11. O-O O-O 12. h3 Re8 13. Bf4 Nb6 14. Ne5 Bd6
15. Bh2 Nfd7 16. Nxd7 Bxh2+ 17. Kxh2 Qxd7 18. Rab1 a6 19. Kg1 Rad8 20. Qc2 Nc4
21. Na4 Nd6 22. Nc5 Qe7 23. Nd3 Nf5 24. Qd1 Kg7 25. a4 h5 26. Qf3 Rd6 27. Qf4
Rf6 28. Qg5 {#} 28... Nd6 29. Nf4 Kh7 0-1

[Event "Calvia ol (Men)"]
[Site "Mallorca (Spain)"]
[Date "2004.10.29"]
[Round "14.2"]
[White "Illescas Cordoba, Miguel"]
[Black "Lehtinen, Heikki"]
[Result "1-0"]
[WhiteElo "2626"]
[BlackElo "2420"]
[PlyCount "55"]
[EventDate "2004.10.15"]

1. d4 d6 2. Nf3 g6 3. c4 Bg7 4. e4 e5 5. Bg5 Ne7 6. Nc3 h6 7. Be3 exd4 8. Bxd4
f6 9. c5 dxc5 10. Bxc5 Qxd1+ 11. Rxd1 Be6 12. Nd4 Bf7 13. Ba3 c6 14. g3 Nd7 15.
Bh3 Nf8 16. O-O Rd8 17. Rfe1 Nh7 18. Bxe7 Kxe7 {#} 19. Nf5+ gxf5 20. exf5+ Be6
21. Rxe6+ Kf7 22. Rde1 Bf8 23. Bg4 Bd6 24. Bh5+ Kg7 25. Rxd6 Rxd6 26. Re7+ Kg8
27. Rxb7 Rd8 28. h4 1-0

[Event "Calvia ol (Men)"]
[Site "Mallorca (Spain)"]
[Date "2004.10.29"]
[Round "14.47"]
[White "Campos, Eugenio"]
[Black "Pukkila, Markku"]
[Result "0-1"]
[WhiteElo "2265"]
[BlackElo "2181"]
[PlyCount "120"]
[EventDate "2004.10.15"]

1. e4 c5 2. Nf3 d6 3. d4 cxd4 4. Nxd4 Nf6 5. Nc3 a6 6. Bg5 e6 7. f4 h6 8. Bh4
Nbd7 9. Qf3 e5 10. fxe5 Nxe5 11. Qe2 Be7 12. O-O-O Bg4 13. Nf3 Rc8 14. Qe3 Qa5
15. Be1 Qc7 16. Kb1 b5 17. Rd2 O-O 18. h3 b4 19. Nd1 Be6 20. Nxe5 dxe5 21. g4
Nd7 22. h4 Bc5 23. Qf3 Bd4 24. b3 a5 25. Bf2 a4 26. Bxd4 exd4 27. bxa4 Ne5 28.
Qf2 Rfd8 29. Nb2 Qa7 30. g5 h5 31. Bh3 Bxh3 32. Rxh3 Rc3 33. Rh1 Ng4 34. Qf4
Qe7 35. Rg1 Re3 36. e5 Qxe5 37. Qxe5 Nxe5 38. Rf1 Rd7 39. Nd3 Nc4 40. Rdf2 Rh3
41. Kc1 Rxh4 42. Nxb4 g6 43. Rf4 Rh2 44. Rd1 Rb7 45. c3 Ne3 46. Rdxd4 Rg2 47.
Rfe4 Nf5 48. Rd8+ Kg7 49. a5 h4 50. a6 Ra7 51. Rd3 Rxg5 52. Kc2 Rg2+ 53. Kb3 g5
54. Re5 Kg6 55. Rf3 Ng7 56. Rb5 Ne6 57. Rb6 g4 58. Rf1 h3 59. Nd3 Kg7 60. a4 h2
0-1

[Event "Calvia ol (Women)"]
[Site "Mallorca (Spain)"]
[Date "2004.10.29"]
[Round "14.21"]
[White "Sammalvuo, Niina"]
[Black "Mongontuul, Bathuyag"]
[Result "1-0"]
[WhiteElo "2282"]
[BlackElo "2345"]
[PlyCount "195"]
[EventDate "2004.10.15"]

1. e4 c5 2. Nf3 e6 3. d3 d5 4. Nbd2 Nc6 5. g3 g6 6. Bg2 Bg7 7. O-O Nge7 8. Re1
b6 9. h4 h6 10. c3 a5 11. a4 Ba6 12. exd5 Nxd5 13. Nc4 O-O 14. Bd2 Qc7 15. Qb3
Rad8 16. Rad1 Rd7 17. Bc1 Rfd8 18. Nfd2 Ndb4 19. cxb4 Nxb4 20. Nb1 Nxd3 21. Rf1
Nxc1 22. Rxc1 Rd3 23. Qc2 Bxc4 24. Qxc4 Bxb2 25. Rce1 h5 26. Qb5 Bf6 27. Qc6
Qxc6 28. Bxc6 Rb3 29. Bb5 Rd4 30. Rd1 c4 31. Rc1 Rb2 32. Rxc4 Rxc4 33. Bxc4 Bd4
34. Na3 Bc5 35. Nb1 Kg7 36. Bb5 Rc2 37. Bd3 Ra2 38. Bb5 Bd4 39. Kg2 e5 40. Kh3
Bxf2 41. Nc3 Rc2 42. Ne4 Bd4 43. Ng5 Rf2 44. Rxf2 Bxf2 45. Kg2 Be1 46. Bc4 f5
47. Ne6+ Kf6 48. Nc7 f4 49. gxf4 exf4 50. Nd5+ Ke5 51. Nxb6 Bxh4 52. Bf7 Kf6
53. Be8 Be1 54. Nd5+ Ke5 55. Ne7 g5 56. Bxh5 Kd4 57. Kf3 Bd2 58. Bg4 Kc4 59.
Ng8 Kb4 60. Bd7 Bc1 61. Nf6 Kc5 62. Ne4+ Kd4 63. Nxg5 Ke5 64. Nh3 Kd6 65. Bc8
Ke5 66. Nf2 Bd2 67. Nd3+ Kd6 68. Nxf4 Kc7 69. Bf5 Kd6 70. Ke4 Kc5 71. Nd3+ Kb6
72. Kd4 Bg5 73. Kd5 Be7 74. Nb2 Bb4 75. Nc4+ Kc7 76. Ne5 Bc3 77. Nd7 Bb4 78.
Bg4 Ba3 79. Kc4 Kc6 80. Nf6 Bb2 81. Bf3+ Kb6 82. Nd5+ Kc6 83. Bh5 Bc1 84. Be8+
Kb7 85. Kb5 Bd2 86. Bc6+ Ka7 87. Nb6 Bf4 88. Nc4 Bc7 89. Nxa5 Bd8 90. Nb7 Bc7
91. a5 Bxa5 92. Kxa5 Kb8 93. Kb6 Kc8 94. Bb5 Kb8 95. Nd6 Ka8 96. Bd7 Kb8 97.
Ne4 Ka8 98. Nc5 1-0

[Event "Calvia ol (Women)"]
[Site "Mallorca (Spain)"]
[Date "2004.10.29"]
[Round "14.21"]
[White "Anhchimeg, Bayanmonh"]
[Black "Rantanen, Tanja"]
[Result "1-0"]
[WhiteElo "2235"]
[BlackElo "2128"]
[PlyCount "71"]
[EventDate "2004.10.15"]

1. e4 c5 2. Nf3 Nc6 3. d4 cxd4 4. Nxd4 Nf6 5. Nc3 e5 6. Ndb5 d6 7. Nd5 Nxd5 8.
exd5 Nb8 9. c4 Be7 10. Bd3 O-O 11. O-O a6 12. Nc3 f5 13. f4 e4 14. Be2 Qb6+ 15.
Kh1 Bf6 16. Qc2 Bd7 17. Rb1 Qc7 18. Be3 b5 19. cxb5 axb5 20. Qb3 Qa5 21. Nxb5
Bxb5 22. Bxb5 Qxa2 23. Qxa2 Rxa2 24. Rfc1 Na6 25. Rc6 Nb4 26. Rxd6 Rfa8 27. h3
Nc2 28. Bc5 Rxb2 29. Rxb2 Bxb2 30. Bc4 Bd4 31. Rc6 Bxc5 32. d6+ Kf8 33. Rxc5
Rd8 34. Rxf5+ Ke8 35. Bb5+ Rd7 36. Rc5 1-0

[Event "Calvia ol (Women)"]
[Site "Mallorca (Spain)"]
[Date "2004.10.29"]
[Round "14.21"]
[White "Puuska, Heini"]
[Black "Batceceg, Tuvshintogs"]
[Result "0-1"]
[WhiteElo "2023"]
[BlackElo "2209"]
[PlyCount "62"]
[EventDate "2004.10.15"]

1. d4 Nf6 2. Bg5 Ne4 3. Bf4 c5 4. f3 Qa5+ 5. c3 Nf6 6. Nd2 cxd4 7. Nb3 Qf5 8.
Bxb8 Rxb8 9. Qxd4 b6 10. e4 Qf4 11. g3 Qc7 12. e5 Ng8 13. Bd3 e6 14. Nh3 Ne7
15. Ng5 Nc6 16. Qh4 Nxe5 17. O-O-O Be7 18. f4 Nxd3+ 19. Rxd3 h6 20. Qh5 O-O 21.
Nf3 Bb7 22. Rhd1 d6 23. g4 Be4 24. Re3 d5 25. Ne5 Bd6 26. Nd4 Bxe5 27. fxe5 b5
28. Ne2 b4 29. Ng3 Rb6 30. Qh4 bxc3 31. bxc3 Qc4 0-1